[Event "Int. Stuttgarter Stadtmeisterschaft A"]
[Site "Ditzingen"]
[Date "2019.05.30"]
[Round "1.1"]
[White "Sumets, Andrey"]
[Black "Fischer, Daniel"]
[Result "1-0"]
[WhiteElo "2585"]
[BlackElo "2018"]
[PlyCount "45"]
[EventDate "2019.??.??"]
[WhiteTeam "SF Lilienthal von 1971"]
[BlackTeam "SVG Offenburg"]

1. d4 Nf6 2. c4 c5 3. d5 b5 4. Nf3 Bb7 5. a4 bxc4 6. Nc3 e6 7. e4 Nxe4 8. Nxe4
exd5 9. Ng3 Be7 10. Nf5 O-O 11. Be2 Bf6 12. O-O Na6 13. Bf4 Bxb2 14. Rb1 Qf6
15. Qc2 c3 16. Bxa6 Qxa6 17. Bd6 d4 18. Ne5 d3 19. Qb3 Be4 20. Bxf8 c4 21. Nxc4
Bxf5 22. Nxb2 cxb2 23. Ba3 1-0

[Event "Int. Stuttgarter Stadtmeisterschaft A"]
[Site "Ditzingen"]
[Date "2019.05.30"]
[Round "1.2"]
[White "DÃ¶serich, JÃ¼rgen"]
[Black "SchrÃ¶der, Jan-Christian"]
[Result "0-1"]
[WhiteElo "2005"]
[BlackElo "2569"]
[PlyCount "56"]
[EventDate "2019.??.??"]
[WhiteTeam "Schwarze Pumpe Freiburg"]
[BlackTeam "SV 1920 Hofheim"]

1. d4 Nf6 2. c4 e6 3. Nc3 Bb4 4. Qc2 b6 5. e4 c5 6. d5 Qe7 7. Be2 d6 8. Nf3 O-O
9. O-O Bxc3 10. bxc3 exd5 11. exd5 Bf5 12. Bd3 Bxd3 13. Qxd3 Re8 14. Bf4 Qe4
15. Qxe4 Nxe4 16. Rfe1 Nd7 17. Re3 f5 18. Rae1 Ndf6 19. h3 h6 20. Rd3 g5 21.
Bc1 Kf7 22. Nh2 f4 23. Kf1 Re7 24. g4 Rae8 25. Kg2 Nd7 26. Nf3 Ne5 27. Nxe5+
Rxe5 28. Bb2 Nxf2 0-1

[Event "Int. Stuttgarter Stadtmeisterschaft A"]
[Site "Ditzingen"]
[Date "2019.05.30"]
[Round "1.3"]
[White "Nasuta, Grzegorz"]
[Black "Hefner, Felix"]
[Result "1-0"]
[WhiteElo "2518"]
[BlackElo "2004"]
[PlyCount "73"]
[EventDate "2019.??.??"]
[WhiteTeam "Godesberger SK 1929 e. V"]
[BlackTeam "BG Buchen"]

1. e4 c5 2. Nf3 d6 3. Bb5+ Bd7 4. Bxd7+ Qxd7 5. c4 Nf6 6. Nc3 Nc6 7. d4 cxd4 8.
Nxd4 g6 9. f3 Bg7 10. Be3 O-O 11. O-O Rfd8 12. Rc1 h6 13. Qd2 Kh7 14. Rfd1 e6
15. Nde2 Bf8 16. b3 b6 17. Qe1 Rab8 18. Qh4 Ng8 19. Qf2 Nf6 20. Rd2 Qb7 21. Qh4
Ng8 22. Bf4 a6 23. Rcd1 Qc7 24. a4 Na5 25. Qg3 Nxb3 26. Bxd6 Bxd6 27. Rxd6 Rxd6
28. Qxd6 Qxd6 29. Rxd6 Nf6 30. e5 Ne8 31. Rd7 Kg7 32. Ne4 Kf8 33. Ra7 a5 34.
Kf2 Rc8 35. Ke3 Rxc4 36. Ra8 Rxa4 37. Nf6 1-0

[Event "Int. Stuttgarter Stadtmeisterschaft A"]
[Site "Ditzingen"]
[Date "2019.05.30"]
[Round "1.4"]
[White "Zeiler, Klaus"]
[Black "Ikonnikov, Vyacheslav"]
[Result "0-1"]
[WhiteElo "2004"]
[BlackElo "2503"]
[PlyCount "116"]
[EventDate "2019.??.??"]
[WhiteTeam "Stuttgarter SF 1879"]
[BlackTeam "SF Bad Mergentheim"]

1. d4 Nf6 2. Nf3 e6 3. e3 b6 4. Bd3 Bb7 5. O-O Be7 6. b3 O-O 7. Bb2 a5 8. a3 d5
9. Nbd2 a4 10. Ne5 Ne4 11. f4 f6 12. Ng4 Nd7 13. Nxe4 dxe4 14. Bc4 Bd5 15. Bxd5
exd5 16. c4 Qe8 17. Qc2 h5 18. Nf2 f5 19. Rfc1 Nf6 20. Nd1 Qc6 21. b4 dxc4 22.
Qxc4+ Qxc4 23. Rxc4 Nd5 24. Bc1 g5 25. fxg5 Bxg5 26. g3 Rf7 27. Ra2 Rg7 28. Rg2
Rg6 29. Bd2 c6 30. Bc1 b5 31. Rcc2 Rf8 32. Rce2 Kf7 33. Bd2 Ke6 34. Re1 Rfg8
35. Ree2 Be7 36. Be1 Bg5 37. Bd2 Bh6 38. Bc1 Kd6 39. Ref2 Rf8 40. Rc2 Kd7 41.
Rcf2 Bg5 42. Re2 Be7 43. Bd2 h4 44. gxh4 Rxg2+ 45. Rxg2 Bxh4 46. Rg6 Rh8 47.
Nc3 Ne7 48. Rg2 Ke6 49. Kf1 Nd5 50. Rg6+ Bf6 51. Nxd5 cxd5 52. Be1 f4 53. exf4
Rxh2 54. Bg3 Rh7 55. Rg8 Rg7 56. Rxg7 Bxg7 57. Bf2 Kf5 58. Be3 Bh6 0-1

[Event "Int. Stuttgarter Stadtmeisterschaft A"]
[Site "Ditzingen"]
[Date "2019.05.30"]
[Round "1.5"]
[White "Antoniewski, Rafal"]
[Black "Jakob, Georg"]
[Result "1-0"]
[WhiteElo "2500"]
[BlackElo "2002"]
[PlyCount "55"]
[EventDate "2019.??.??"]
[BlackTeam "SG KÃ¶nigskinder HohentÃ¼bingen e."]

1. e4 c5 2. Nc3 Nc6 3. Bb5 Nd4 4. Bc4 g6 5. Nf3 Bg7 6. d3 e6 7. Nxd4 cxd4 8.
Ne2 Ne7 9. O-O d5 10. exd5 exd5 11. Bb3 h6 12. Nf4 O-O 13. Qf3 Be6 14. Bd2 a5
15. a4 Nc6 16. Rae1 Ne5 17. Qg3 Re8 18. Nxe6 Rxe6 19. f4 Nc6 20. Rxe6 fxe6 21.
Qxg6 Qe8 22. Qg4 Kh7 23. Re1 Nd8 24. Bxd5 Qxa4 25. Be4+ Kg8 26. f5 exf5 27.
Qxf5 Qxc2 28. Bd5+ 1-0

[Event "Int. Stuttgarter Stadtmeisterschaft A"]
[Site "Ditzingen"]
[Date "2019.05.30"]
[Round "1.6"]
[White "Müller, Thomas"]
[Black "Morgunov, Marc"]
[Result "0-1"]
[WhiteElo "2001"]
[BlackElo "2364"]
[PlyCount "56"]
[EventDate "2019.??.??"]
[WhiteTeam "SV Schömberg"]

1. d4 Nf6 2. Nf3 e6 3. e3 b6 4. Bd3 Bb7 5. Nbd2 d5 6. b3 Bd6 7. Bb2 O-O 8. O-O
c5 9. Ne5 Nc6 10. a3 Qc7 11. f4 Ne7 12. c4 Ne4 13. Rc1 f6 14. Nef3 Qd7 15. Qe2
a6 16. Rc2 cxd4 17. exd4 Nxd2 18. Nxd2 Rfe8 19. c5 Bc7 20. b4 Bc6 21. Re1 Bxf4
22. Qxe6+ Qxe6 23. Rxe6 Ba4 24. Nf3 Bxc2 25. Bxc2 b5 26. Bb3 Kf7 27. Rb6 Ra7
28. a4 Bc7 0-1

[Event "Int. Stuttgarter Stadtmeisterschaft A"]
[Site "Ditzingen"]
[Date "2019.05.30"]
[Round "1.7"]
[White "Hess, Max"]
[Black "Blum, Frederik"]
[Result "0-1"]
[WhiteElo "2344"]
[BlackElo "1994"]
[PlyCount "120"]
[EventDate "2019.??.??"]
[WhiteTeam "SC Garching 1980 e.V."]
[BlackTeam "Spvgg BÃ¶blingen"]

1. e4 c5 2. Nf3 d6 3. d4 cxd4 4. Nxd4 Nf6 5. Nc3 g6 6. Be3 Bg7 7. f3 O-O 8. Qd2
Nc6 9. O-O-O Bd7 10. Kb1 Rc8 11. g4 Ne5 12. h4 Qa5 13. h5 Nxf3 14. Nxf3 Rxc3
15. hxg6 hxg6 16. Bd4 Be6 17. a3 Rxa3 18. bxa3 Qxa3 19. c3 Qb3+ 20. Kc1 Nxe4
21. Qh2 Qa3+ 22. Qb2 Qxb2+ 23. Kxb2 Bxg4 24. Bg2 b6 25. Rde1 d5 26. Ra1 a5 27.
Ne5 Bf5 28. Nc6 Re8 29. Bh3 Bxh3 30. Rxh3 e5 31. Bxb6 Re6 32. Rxa5 Rxc6 33.
Ra8+ Bf8 34. Ba5 Kg7 35. Bb4 Bxb4 36. cxb4 Nd6 37. Kb3 d4 38. Ra5 Kf6 39. Rc5
Rb6 40. Ka4 e4 41. Ka5 Rb8 42. Rd5 Nc4+ 43. Ka6 Rb6+ 44. Ka7 Rxb4 45. Rxd4 Ke5
46. Rd8 f5 47. Rg3 f4 48. Rxg6 f3 49. Rf8 Kd4 50. Rg4 Ke3 51. Ka6 Nd2 52. Ka5
Rd4 53. Rgf4 Kf2 54. Kb5 Rd3 55. R4f7 e3 56. Re8 Ke2 57. Rh8 f2 58. Rh2 Ke1 59.
Rc7 Nf3 60. Rh1+ Ng1 0-1

[Event "Int. Stuttgarter Stadtmeisterschaft A"]
[Site "Ditzingen"]
[Date "2019.05.30"]
[Round "1.8"]
[White "Gheng, Simona"]
[Black "Kabisch, Thilo"]
[Result "1-0"]
[WhiteElo "1991"]
[BlackElo "2341"]
[PlyCount "155"]
[EventDate "2019.??.??"]
[WhiteTeam "SF Deizisau"]
[BlackTeam "SK Schmiden/Cannstatt"]

1. e4 c5 2. c4 Nc6 3. Nc3 g6 4. g3 Bg7 5. Bg2 e6 6. Nge2 Nge7 7. O-O O-O 8. d3
a6 9. Be3 Nd4 10. f4 d6 11. Bf2 b5 12. e5 Rb8 13. exd6 Nef5 14. cxb5 Nxd6 15.
Nxd4 cxd4 16. Ne4 Nf5 17. Qe2 Rxb5 18. Rfc1 Bb7 19. Rc2 Bd5 20. b3 Qa8 21. Rac1
Ne7 22. Be1 h5 23. Nd6 Rbb8 24. Rc7 Bxg2 25. Rxe7 Bf3 26. Qc2 Bf6 27. Rd7 Rbd8
28. Qc7 Rxd7 29. Qxd7 Qd5 30. Rc8 e5 31. Bb4 Bg7 32. Rc5 Qe6 33. Qxe6 fxe6 34.
fxe5 Be2 35. Bd2 Bxd3 36. Bf4 g5 37. Bxg5 Rf1+ 38. Kg2 Ra1 39. Rc8+ Kh7 40. Bf6
Rxa2+ 41. Kf3 Rc2 42. Rxc2 Bxc2 43. Bxg7 Kxg7 44. b4 Kf8 45. Nb7 Bb3 46. Nc5
Bd5+ 47. Kf4 Ke7 48. Nxa6 Kd7 49. b5 Kc8 50. Nb4 Bg2 51. Nc6 d3 52. Ke3 Kc7 53.
Kxd3 Bf1+ 54. Ke4 Bxb5 55. Nd4 Bc4 56. Kf4 Kb6 57. Nf3 Kc5 58. Ng5 Kd5 59. Ne4
Kd4 60. Nf2 Be2 61. h3 Bf1 62. g4 hxg4 63. hxg4 Be2 64. g5 Bh5 65. Ne4 Bg6 66.
Nd6 Kd5 67. Nc8 Bh5 68. g6 Kc6 69. g7 Bf7 70. g8=Q Bxg8 71. Ne7+ Kd7 72. Nxg8
Ke8 73. Kg5 Kf7 74. Nh6+ Kg7 75. Ng4 Kf7 76. Kh6 Kf8 77. Kg6 Ke7 78. Kg7 1-0

[Event "Int. Stuttgarter Stadtmeisterschaft A"]
[Site "Ditzingen"]
[Date "2019.05.30"]
[Round "1.9"]
[White "Zuferi, Enis"]
[Black "SchÃ¶nhof, Timo"]
[Result "1-0"]
[WhiteElo "2337"]
[BlackElo "1991"]
[PlyCount "111"]
[EventDate "2019.??.??"]
[WhiteTeam "Heilbronner SV"]
[BlackTeam "SK Engen"]

1. d4 Nf6 2. Nf3 e6 3. c4 Bb4+ 4. Nbd2 c5 5. a3 Bxd2+ 6. Qxd2 b6 7. g3 Bb7 8.
Bg2 O-O 9. dxc5 bxc5 10. O-O Qe7 11. b4 Rc8 12. b5 d5 13. a4 d4 14. Ba3 e5 15.
Qg5 Bxf3 16. Bxf3 e4 17. Bg2 Nbd7 18. e3 h6 19. Qf5 Qe5 20. Qxe5 Nxe5 21. exd4
cxd4 22. c5 Nc4 23. c6 a6 24. Bc5 axb5 25. axb5 Rab8 26. Rfb1 Nd2 27. Rb2 Nc4
28. Rb4 Ne5 29. Bd6 Nxc6 30. bxc6 Rxb4 31. Bxb4 Rxc6 32. Ba3 Re6 33. Bb2 d3 34.
Bxf6 gxf6 35. g4 e3 36. fxe3 Rxe3 37. Kf2 Re2+ 38. Kg3 d2 39. Rd1 Re3+ 40. Kf4
Rd3 41. Be4 Rd4 42. Ke3 Rd6 43. Rxd2 Rb6 44. Rd5 Rb3+ 45. Bd3 Rb2 46. h4 Rh2
47. h5 Rb2 48. Bc4 Rb7 49. Rd8+ Kg7 50. Bd3 Rb4 51. Bf5 Rb8 52. Rd7 Re8+ 53.
Kf4 Re1 54. Bg6 Rf1+ 55. Kg3 Rg1+ 56. Kh3 1-0

[Event "Int. Stuttgarter Stadtmeisterschaft A"]
[Site "Ditzingen"]
[Date "2019.05.30"]
[Round "1.10"]
[White "Lehmann, Stefan"]
[Black "Neyman, Igor"]
[Result "0-1"]
[WhiteElo "1990"]
[BlackElo "2331"]
[PlyCount "100"]
[EventDate "2019.??.??"]
[WhiteTeam "Ssg Fils-Lauter"]
[BlackTeam "Stuttgarter SF 1879"]

1. e4 c5 2. Nc3 Nc6 3. Nf3 d6 4. d4 cxd4 5. Nxd4 e5 6. Nf3 Be7 7. Bc4 Nf6 8.
Bg5 Be6 9. Qe2 Rc8 10. Bb3 O-O 11. O-O Nd7 12. Be3 Nc5 13. Rfd1 Nxb3 14. axb3
a6 15. Na4 Qe8 16. Nb6 Rd8 17. h3 f5 18. exf5 Rxf5 19. Nd5 Qf7 20. Nxe7+ Qxe7
21. g4 Rxf3 22. Qxf3 d5 23. c3 d4 24. cxd4 exd4 25. Bf4 Qf7 26. Qg3 Bxb3 27.
Rd2 Re8 28. Rc1 Re4 29. Bd6 Bc4 30. Kh2 Be2 31. Rc5 g6 32. Rc1 d3 33. f4 Rc4
34. Rxc4 Qxc4 35. Qe3 Kf7 36. f5 Qd5 37. fxg6+ hxg6 38. Bg3 Nd4 39. Qf4+ Ke6
40. Qe3+ Kd7 41. Bf4 Nf3+ 42. Kg3 g5 43. Bxg5 Nxg5 44. Kf4 Ne6+ 45. Kg3 Kd6 46.
Kf2 Ng5 47. Qb6+ Kd7 48. Qe3 Ne4+ 49. Ke1 Nxd2 50. Kxd2 Qa5+ 0-1

[Event "Int. Stuttgarter Stadtmeisterschaft A"]
[Site "Ditzingen"]
[Date "2019.05.30"]
[Round "1.11"]
[White "Morgunov, Daniel"]
[Black "Hoeschele, Hans-Ulrich"]
[Result "1-0"]
[WhiteElo "2290"]
[BlackElo "1983"]
[PlyCount "59"]
[EventDate "2019.??.??"]
[BlackTeam "Stuttgarter SF 1879"]

1. e4 d5 2. exd5 Qxd5 3. Nf3 c6 4. d4 Bf5 5. Be2 e6 6. O-O Be7 7. c4 Qd8 8. Nc3
Nf6 9. Bf4 O-O 10. a3 Ne4 11. c5 Nd7 12. Qb3 Nxc3 13. bxc3 b6 14. Ba6 e5 15.
Nxe5 Nxe5 16. Bxe5 Be6 17. Qc2 b5 18. a4 Bc4 19. Rfb1 Qd7 20. axb5 cxb5 21. Ra5
Qd8 22. Rba1 Qd5 23. Bxb5 Bxb5 24. Rxb5 Rfc8 25. Qe2 Qe6 26. Rb7 Bf6 27. f4 a5
28. Rb6 Qe7 29. Ra4 Qe8 30. Qb5 1-0

[Event "Int. Stuttgarter Stadtmeisterschaft A"]
[Site "Ditzingen"]
[Date "2019.05.30"]
[Round "1.12"]
[White "Reindl, Arno"]
[Black "Becker, Matthias"]
[Result "0-1"]
[WhiteElo "1977"]
[BlackElo "2287"]
[PlyCount "80"]
[EventDate "2019.??.??"]
[WhiteTeam "SG SchwÃ¤bisch GmÃ¼nd"]
[BlackTeam "BG Buchen"]

1. e4 e6 2. Nf3 b6 3. d4 Bb7 4. Bd3 d6 5. c4 Nd7 6. Nc3 g6 7. Be3 Bg7 8. Qd2 h6
9. a3 Ne7 10. Bc2 a6 11. Rd1 Nf6 12. h3 g5 13. Nh2 Ng6 14. f3 Nh5 15. Ne2 O-O
16. O-O Qe7 17. f4 gxf4 18. Nxf4 Nhxf4 19. Bxf4 Nxf4 20. Qxf4 e5 21. Qf5 Bc8
22. Qf3 Qg5 23. d5 h5 24. Rf2 Bh6 25. Nf1 h4 26. Re1 Qg6 27. Ne3 Bf4 28. Kh1
Qg3 29. Nf1 Qxf3 30. Rxf3 f6 31. g3 hxg3 32. Nxg3 Kf7 33. Ne2 Bg5 34. Rg1 Ke7
35. Ba4 Rh8 36. Kh2 Rh4 37. Bc2 Bd7 38. Kg2 Rah8 39. Rh1 Bg4 40. Rf2 Be3 0-1

[Event "Int. Stuttgarter Stadtmeisterschaft A"]
[Site "Ditzingen"]
[Date "2019.05.30"]
[Round "1.13"]
[White "Gabriel, Robert"]
[Black "Lahouel, Kim-Luca"]
[Result "1/2-1/2"]
[WhiteElo "2242"]
[BlackElo "1974"]
[PlyCount "106"]
[EventDate "2019.??.??"]
[WhiteTeam "Stuttgarter SF"]
[BlackTeam "Heilbronner SV"]

1. Nf3 d5 2. e3 Nf6 3. d4 e6 4. Bd3 Bd6 5. Nbd2 O-O 6. O-O c5 7. c3 Nc6 8. e4
cxd4 9. cxd4 e5 10. exd5 Nxd5 11. Nc4 exd4 12. Nxd6 Qxd6 13. Re1 Bd7 14. Be4
Nf6 15. Bxc6 Bxc6 16. Qxd4 Nd5 17. Ne5 Rfd8 18. Nxc6 Qxc6 19. Bg5 f6 20. Bd2 b6
21. Rac1 Qb5 22. h3 Rac8 23. a4 Qd7 24. Qg4 Qxg4 25. hxg4 Kf7 26. f3 a5 27. b3
g5 28. Kf2 Kg6 29. Rxc8 Rxc8 30. Re6 Rc2 31. Ke1 Rc5 32. Rd6 b5 33. g3 bxa4 34.
bxa4 Nc3 35. Rd4 Kf7 36. f4 Ke6 37. Be3 Rd5 38. Rc4 Rd3 39. Bd2 Nd5 40. Bxa5
Rxg3 41. f5+ Kd6 42. Bd8 Kd7 43. Kf2 Ra3 44. Ba5 Kd6 45. Bd2 Ra2 46. Ke1 Nb6
47. Bb4+ Kd5 48. Rc5+ Kd4 49. a5 Nd5 50. Rb5 Kc4 51. Rc5+ Kd4 52. Rb5 Kc4 53.
Rc5+ Kd4 1/2-1/2

[Event "Int. Stuttgarter Stadtmeisterschaft A"]
[Site "Ditzingen"]
[Date "2019.05.30"]
[Round "1.14"]
[White "Steinhart, Christoph"]
[Black "Ciolek, Andreas"]
[Result "1/2-1/2"]
[WhiteElo "1972"]
[BlackElo "2241"]
[PlyCount "62"]
[EventDate "2019.??.??"]
[WhiteTeam "TSV SchÃ¶naich"]
[BlackTeam "MÃ¼nchener SC 1836 e.V."]

1. e4 c6 2. d4 d5 3. exd5 cxd5 4. c4 Nf6 5. Nc3 Nc6 6. Bg5 Be6 7. Nf3 Ne4 8. c5
g6 9. Bb5 Bg7 10. Qa4 Nxc3 11. Bxc6+ bxc6 12. bxc3 Qc8 13. O-O f6 14. Bf4 O-O
15. Rfe1 Re8 16. h3 Bf5 17. Re3 g5 18. Bh2 Bh6 19. g4 Bg6 20. Rae1 Bf8 21. Re6
Be4 22. Rxc6 Qd7 23. Nd2 a5 24. Nxe4 Ra6 25. Nxg5 Qxc6 26. Qxc6 Rxc6 27. Ne6
Kf7 28. Nc7 Rd8 29. Nb5 a4 30. f4 Rb8 31. Rb1 Re8 1/2-1/2

[Event "Int. Stuttgarter Stadtmeisterschaft A"]
[Site "Ditzingen"]
[Date "2019.05.30"]
[Round "1.15"]
[White "Dudek, Richard"]
[Black "Scheynin, Julia"]
[Result "1-0"]
[WhiteElo "2240"]
[BlackElo "1972"]
[PlyCount "45"]
[EventDate "2019.??.??"]
[WhiteTeam "SC Eppingen"]
[BlackTeam "Karlsruher SF 1853"]

1. e4 e6 2. d4 d5 3. Nd2 Nf6 4. e5 Nfd7 5. Bd3 c5 6. c3 Nc6 7. Ne2 cxd4 8. cxd4
Qb6 9. Nf3 f6 10. exf6 Nxf6 11. O-O Bd6 12. Bf4 Bxf4 13. Nxf4 O-O 14. Qd2 Bd7
15. Rfe1 Rfe8 16. Rad1 Re7 17. Bb1 Rc8 18. Ng5 Nd8 19. Qd3 h6 20. Nxd5 exd5 21.
Rxe7 hxg5 22. Qg3 Ne6 23. Bf5 1-0

[Event "Int. Stuttgarter Stadtmeisterschaft A"]
[Site "Ditzingen"]
[Date "2019.05.30"]
[Round "1.16"]
[White "Schmitz, Nico"]
[Black "Yi, Danny"]
[Result "0-1"]
[WhiteElo "1969"]
[BlackElo "2231"]
[PlyCount "42"]
[EventDate "2019.??.??"]
[WhiteTeam "SF Konz-Karthaus"]
[BlackTeam "SF 59 Kornwestheim"]

1. d4 Nf6 2. e3 g6 3. f4 d5 4. Nf3 Bg7 5. Bd3 c5 6. c3 Qb6 7. O-O O-O 8. Ne5
Nc6 9. Qe1 Ng4 10. Qh4 Ngxe5 11. fxe5 cxd4 12. cxd4 Nb4 13. Rd1 Nxd3 14. Rxd3
Bf5 15. Rb3 Qc6 16. Rc3 Qd7 17. Bd2 f6 18. exf6 Rxf6 19. Qg3 Qb5 20. Rb3 Qf1+
21. Kxf1 Bd3+ 0-1

[Event "Int. Stuttgarter Stadtmeisterschaft A"]
[Site "Ditzingen"]
[Date "2019.05.30"]
[Round "1.17"]
[White "Sprangers, Remco"]
[Black "Mitrovic, Dragan"]
[Result "1-0"]
[WhiteElo "2230"]
[BlackElo "1954"]
[PlyCount "41"]
[EventDate "2019.??.??"]
[BlackTeam "SK Gerlingen"]

1. e4 c5 2. Nf3 g6 3. d4 cxd4 4. Nxd4 Nf6 5. Nc3 d6 6. Be3 Bg7 7. f3 O-O 8. Qd2
Nc6 9. Bc4 Na5 10. Bb3 Bd7 11. h4 h5 12. g4 hxg4 13. h5 Nxb3 14. axb3 Nxh5 15.
Bh6 Bxh6 16. Qxh6 Qe8 17. Rxh5 gxh5 18. Qg5+ Kh7 19. Qxh5+ Kg7 20. Qg5+ Kh7 21.
O-O-O 1-0

[Event "Int. Stuttgarter Stadtmeisterschaft A"]
[Site "Ditzingen"]
[Date "2019.05.30"]
[Round "1.18"]
[White "Reichenbächer, Thomas"]
[Black "Poysti, Nathanael"]
[Result "0-1"]
[WhiteElo "1949"]
[BlackElo "2219"]
[PlyCount "96"]
[EventDate "2019.??.??"]
[WhiteTeam "SVG Konstanz"]

1. c4 c5 2. Nf3 Nc6 3. g3 g6 4. Bg2 Bg7 5. O-O d6 6. Nc3 e6 7. d3 Nge7 8. e4
O-O 9. Bg5 h6 10. Be3 Nd4 11. Ne2 Nec6 12. Nfxd4 cxd4 13. Bc1 Rb8 14. b3 b5 15.
cxb5 Rxb5 16. Bb2 Qb6 17. Rc1 Bd7 18. Kh1 a5 19. Rc4 Rb4 20. Ba3 Rxc4 21. bxc4
Nb4 22. Qd2 Na6 23. f4 Rb8 24. f5 exf5 25. exf5 Bxf5 26. Bd5 Rf8 27. Nf4 Nc7
28. Bg2 Bd7 29. c5 dxc5 30. Rc1 Na6 31. Nd5 Qb5 32. h4 h5 33. Ne7+ Kh7 34. Be4
Bh6 35. Qd1 Qb8 36. Kh2 Qd6 37. Nd5 Bc6 38. Qh1 f5 39. Bg2 Nb4 40. Nxb4 Bxg2
41. Qxg2 axb4 42. Qb7+ Kg8 43. Re1 bxa3 44. Rb1 Rf7 45. Qa8+ Bf8 46. Rb8 f4 47.
Rd8 fxg3+ 48. Kg1 Qe6 0-1

[Event "Int. Stuttgarter Stadtmeisterschaft A"]
[Site "Ditzingen"]
[Date "2019.05.30"]
[Round "1.19"]
[White "Krockenberger, Martin"]
[Black "Petzold, Tristan"]
[Result "1/2-1/2"]
[WhiteElo "2186"]
[BlackElo "1947"]
[PlyCount "82"]
[EventDate "2019.??.??"]
[WhiteTeam "SK Schmiden/Cannstatt"]
[BlackTeam "MÃ¶nchfelder SV 1967"]

1. c4 Nf6 2. g3 g6 3. Bg2 Bg7 4. Nc3 O-O 5. e4 c5 6. Nge2 Nc6 7. O-O Rb8 8. d3
a6 9. a4 e6 10. h3 Nb4 11. Be3 b6 12. d4 cxd4 13. Nxd4 Bb7 14. Qd2 d5 15. cxd5
exd5 16. e5 Nd7 17. f4 Nc5 18. Kh2 a5 19. Rfd1 f6 20. exf6 Qxf6 21. Na2 Nxa2
22. Rxa2 Rbe8 23. Nb5 Ne4 24. Qd3 Re7 25. b3 Rfe8 26. Bd4 Qe6 27. Rc2 Bxd4 28.
Qxd4 Nc5 29. b4 axb4 30. Qxb4 Rd8 31. Nd4 Qf6 32. a5 Na6 33. Qxb6 Qxb6 34. axb6
Rd6 35. Rb1 Rf7 36. Re2 Nc5 37. Re8+ Rf8 38. Re5 Nd7 39. Re7 Rf7 40. Re6 Rf6
41. Rxf6 Rxf6 1/2-1/2

[Event "Int. Stuttgarter Stadtmeisterschaft A"]
[Site "Ditzingen"]
[Date "2019.05.30"]
[Round "1.20"]
[White "Dreyer, Andre"]
[Black "Aring, Gerd"]
[Result "0-1"]
[WhiteElo "1938"]
[BlackElo "2180"]
[PlyCount "67"]
[EventDate "2019.??.??"]
[WhiteTeam "SV Stockenhausen-Frommern"]
[BlackTeam "SV NÃ¼rtingen 1920"]

1. d4 Nf6 2. c4 g6 3. Nc3 Bg7 4. e4 d6 5. f3 O-O 6. Be3 a6 7. Qd2 c6 8. Nge2 b5
9. cxb5 axb5 10. g4 e5 11. dxe5 dxe5 12. b3 Be6 13. Qxd8 Rxd8 14. Rd1 Na6 15.
Nc1 Rxd1+ 16. Kxd1 Nb4 17. Bd3 Rd8 18. Ke2 Nxg4 19. fxg4 Bxg4+ 20. Kd2 Nxd3 21.
Nxd3 b4 22. Na4 Bf3 23. Bb6 Rxd3+ 24. Kxd3 Bxh1 25. Bc5 f5 26. exf5 e4+ 27. Ke2
gxf5 28. Bxb4 f4 29. Nc5 Bd4 30. a4 f3+ 31. Ke1 e3 32. a5 Bg2 33. a6 f2+ 34.
Ke2 0-1

[Event "Int. Stuttgarter Stadtmeisterschaft A"]
[Site "Ditzingen"]
[Date "2019.05.30"]
[Round "1.21"]
[White "Scherer, Holger"]
[Black "Pfeifer, Wilfried"]
[Result "1-0"]
[WhiteElo "2169"]
[BlackElo "1935"]
[PlyCount "29"]
[EventDate "2019.??.??"]
[WhiteTeam "SK Lauffen"]
[BlackTeam "TSF Ditzingen"]

1. e4 c6 2. d4 d5 3. e5 c5 4. dxc5 e6 5. Nf3 Bxc5 6. Bd3 Nc6 7. a3 Qc7 8. Qe2
f5 9. exf6 Nxf6 10. O-O O-O 11. c4 Re8 12. Bg5 Nd4 13. Nxd4 Bxd4 14. Bxf6 gxf6
15. Qg4+ 1-0

[Event "Int. Stuttgarter Stadtmeisterschaft A"]
[Site "Ditzingen"]
[Date "2019.05.30"]
[Round "1.22"]
[White "Afonso, Nils"]
[Black "BrÃ¤uner, Uwe"]
[Result "1-0"]
[WhiteElo "1927"]
[BlackElo "2163"]
[PlyCount "91"]
[EventDate "2019.??.??"]
[WhiteTeam "SF 59 Kornwestheim"]
[BlackTeam "SF Pfullingen"]

1. d4 Nf6 2. c4 e6 3. Nc3 Bb4 4. Qc2 b6 5. Nf3 Bb7 6. e3 O-O 7. Bd3 d6 8. O-O
Qe7 9. a3 Bxc3 10. Qxc3 Nbd7 11. Re1 e5 12. e4 c5 13. d5 Nh5 14. Qc2 Nf4 15.
Bf1 g6 16. g3 Nh5 17. Bh3 Bc8 18. Qe2 Ndf6 19. Bxc8 Raxc8 20. Nh4 Qd7 21. Bg5
Kg7 22. Qd2 Ng8 23. Qe2 h6 24. Bd2 Kh7 25. Kh1 Rb8 26. a4 Ng7 27. f4 exf4 28.
gxf4 Qh3 29. Ng2 Rbe8 30. f5 Nxf5 31. Ra3 Ng3+ 32. Rxg3 Qd7 33. b3 f5 34. Nf4
Rxe4 35. Qg2 Rxe1+ 36. Bxe1 g5 37. Ne6 Rf7 38. Rh3 Kg6 39. Bc3 g4 40. Rg3 Nf6
41. Nf4+ Kh7 42. Bxf6 Rxf6 43. Qe2 Rf7 44. Qe6 Qxe6 45. dxe6 Re7 46. Re3 1-0

[Event "Int. Stuttgarter Stadtmeisterschaft A"]
[Site "Ditzingen"]
[Date "2019.05.30"]
[Round "1.23"]
[White "SchrÃ¶ter, Samuel"]
[Black "DÃ¶lker, Kai"]
[Result "1-0"]
[WhiteElo "2161"]
[BlackElo "1927"]
[PlyCount "146"]
[EventDate "2019.??.??"]
[WhiteTeam "SC BÃ¶blingen 1975 e.V."]
[BlackTeam "SV Stuttgart-Wolfbusch 1956 e.V."]

1. c4 Nf6 2. Nc3 e5 3. g3 Be7 4. Bg2 O-O 5. Nf3 d6 6. O-O Nc6 7. d4 Bg4 8. d5
Na5 9. Qd3 b6 10. b4 Nb7 11. Bb2 a5 12. a3 Qd7 13. Rfe1 h6 14. e4 Nh7 15. Nd2
f5 16. f3 fxe4 17. Ncxe4 Bf5 18. Qe2 Rae8 19. Bc3 Ng5 20. Nxg5 Bxg5 21. Ne4 Be7
22. Qd2 Ra8 23. Qb2 Rf7 24. Rad1 Kh7 25. Qe2 Kh8 26. Qd2 Kg8 27. Bb2 Kh8 28.
Qe2 Re8 29. Rc1 Bf8 30. Red1 Qe7 31. Qe3 Kg8 32. Bc3 Ra8 33. Be1 Kh7 34. Bf2
Re8 35. Qb3 Qd8 36. Qe3 Qe7 37. Qe2 Qd7 38. Rc3 Be7 39. Rdc1 Ref8 40. Be3 Qd8
41. Qd2 Qe8 42. Re1 Qa8 43. Bf2 Qd8 44. Qe2 Re8 45. Rd1 Ref8 46. c5 axb4 47.
axb4 bxc5 48. bxc5 dxc5 49. Nxc5 Nxc5 50. Bxc5 Bxc5+ 51. Rxc5 Qe7 52. Rdc1 Qd6
53. Qc4 Rd8 54. Bf1 Bg6 55. Rc6 Qxd5 56. Qxd5 Rxd5 57. Bc4 Rfd7 58. Bxd5 Rxd5
59. Rxc7 Rd3 60. Re7 Rd8 61. Rcc7 Rg8 62. Rxe5 Bd3 63. Ree7 Kg6 64. Kf2 Kf6 65.
Ke3 Bb1 66. Rf7+ Kg6 67. Rfe7 Kf6 68. h4 g6 69. Rf7+ Ke6 70. Rh7 h5 71. Rhf7
Ra8 72. Ra7 Re8 73. Kf4 Rc8 1-0

[Event "Int. Stuttgarter Stadtmeisterschaft A"]
[Site "Ditzingen"]
[Date "2019.05.30"]
[Round "1.24"]
[White "Potapov, Aleksey"]
[Black "Doll, Michael"]
[Result "0-1"]
[WhiteElo "1925"]
[BlackElo "2159"]
[PlyCount "62"]
[EventDate "2019.??.??"]
[WhiteTeam "Stuttgarter SF 1879"]
[BlackTeam "SV NÃ¼rtingen 1920"]

1. e4 c5 2. Nc3 a6 3. g3 Nc6 4. Bg2 d6 5. d3 g6 6. f4 Bg7 7. Nh3 e6 8. O-O Nge7
9. Bd2 Nd4 10. Rb1 O-O 11. Ne2 Bd7 12. c3 Ndc6 13. g4 Re8 14. Ng3 d5 15. f5
exf5 16. exf5 Ne5 17. f6 Bxg4 18. fxe7 Qd7 19. Qb3 Bxh3 20. Bxh3 Qxh3 21. Qxd5
Rxe7 22. Qxc5 Ng4 23. Rf3 Qxh2+ 24. Kf1 Qh3+ 25. Kg1 Rae8 26. Qd5 Nh2 27. Rbf1
Nxf3+ 28. Rxf3 Bh6 29. Nf5 Re1+ 30. Bxe1 Rxe1+ 31. Kf2 Rf1+ 0-1

[Event "Int. Stuttgarter Stadtmeisterschaft A"]
[Site "Ditzingen"]
[Date "2019.05.30"]
[Round "1.25"]
[White "FÃ¶rster, Bernhard"]
[Black "Wezel, Sebastian"]
[Result "1-0"]
[WhiteElo "2151"]
[BlackElo "1919"]
[PlyCount "69"]
[EventDate "2019.??.??"]
[WhiteTeam "SK Bietigheim-Bissingen"]
[BlackTeam "SV Dettingen Erms"]

1. c4 g6 2. Nc3 Bg7 3. g3 c5 4. Bg2 Nc6 5. Nf3 e6 6. O-O Nge7 7. d3 O-O 8. Be3
Nd4 9. Qd2 Nef5 10. Bxd4 cxd4 11. Nb5 a6 12. Na3 Rb8 13. Nc2 b5 14. Rab1 h5 15.
h3 d6 16. cxb5 axb5 17. Qb4 e5 18. Na3 Qb6 19. Rfc1 Bd7 20. Rc2 Bh6 21. Nd2
Bxd2 22. Qxd2 Rfc8 23. Rbc1 Ne7 24. Rxc8+ Rxc8 25. Rxc8+ Bxc8 26. Qb4 Bd7 27.
Nc4 Qa6 28. Qxd6 Qxd6 29. Nxd6 Kg7 30. h4 f5 31. Nb7 Be6 32. a3 Nd5 33. Nd6 b4
34. axb4 Kf6 35. b5 1-0